<?xml version="1.0" encoding="UTF-8"?>
<record
    xmlns:xsi="http://www.w3.org/2001/XMLSchema-instance"
    xsi:schemaLocation="http://www.loc.gov/MARC21/slim http://www.loc.gov/standards/marcxml/schema/MARC21slim.xsd"
    xmlns="http://www.loc.gov/MARC21/slim">

  <leader>00770nam a22001937a 4500</leader>
  <controlfield tag="005">20180627150948.0</controlfield>
  <datafield tag="010" ind1=" " ind2=" ">
    <subfield code="a">UR-9992</subfield>
  </datafield>
  <datafield tag="020" ind1=" " ind2=" ">
    <subfield code="c">1300.00</subfield>
    <subfield code="a">-</subfield>
  </datafield>
  <datafield tag="035" ind1=" " ind2=" ">
    <subfield code="a">U-8547</subfield>
  </datafield>
  <datafield tag="037" ind1=" " ind2=" ">
    <subfield code="b">DBAD/PUB</subfield>
  </datafield>
  <datafield tag="100" ind1=" " ind2=" ">
    <subfield code="a">&#x627; &#x6C1;&#x644;&#x6CC;&#x6C1; &#x62C;&#x644;&#x627; &#x644; &#x627; &#x644;&#x62F; &#x6CC;&#x646; &#x627; &#x6A9;&#x628;&#x631;  </subfield>
  </datafield>
  <datafield tag="245" ind1=" " ind2=" ">
    <subfield code="a">  &#x67E;&#x627; &#x646;&#x686;&#x648; &#x627; &#x646; &#x6AF;&#x627; &#x646;&#x62F; &#x6BE;&#x6CC;  : &#x6A9;&#x644;&#x648; &#x627; &#x6A9;&#x646;&#x679;&#x644;&#x6C1; &#x686;&#x646;&#x62F; &#x631; &#x634;&#x6CC;&#x6A9;&#x6BE;&#x631;&#x631; &#x627; &#x624; </subfield>
    <subfield code="c">&#x627; &#x6C1;&#x644;&#x6CC;&#x6C1; &#x62C;&#x644;&#x627; &#x644; &#x627; &#x644;&#x62F; &#x6CC;&#x646; &#x627; &#x6A9;&#x628;&#x631; </subfield>
  </datafield>
  <datafield tag="246" ind1=" " ind2=" ">
    <subfield code="b">Paanchwan Gandhi:Kalwa Kantla Chander Sheikher Rao</subfield>
    <subfield code="a">by  Jalaluddin Akbar</subfield>
  </datafield>
  <datafield tag="260" ind1=" " ind2=" ">
    <subfield code="a">Tilangana</subfield>
    <subfield code="b">W/O Jalaluddin Akbar</subfield>
    <subfield code="c">2017</subfield>
  </datafield>
  <datafield tag="270" ind1=" " ind2=" ">
    <subfield code="a">17-1-178/A/76,Sri NagarColony,Santosh Nagar,</subfield>
    <subfield code="b">Haiderabad</subfield>
    <subfield code="e">59</subfield>
    <subfield code="k">984-826-1465</subfield>
    <subfield code="l">-</subfield>
  </datafield>
  <datafield tag="300" ind1=" " ind2=" ">
    <subfield code="a">360&#x635;</subfield>
    <subfield code="c">22 Cm.(B.b)     </subfield>
  </datafield>
  <datafield tag="500" ind1=" " ind2=" ">
    <subfield code="a">&#x62F;&#x648; &#x62D;&#x635;&#x6C1;</subfield>
  </datafield>
  <datafield tag="942" ind1=" " ind2=" ">
    <subfield code="2">ddc</subfield>
    <subfield code="c">UR</subfield>
    <subfield code="h">954.083</subfield>
    <subfield code="m">&#x62C; &#x644; &#x627; </subfield>
  </datafield>
  <datafield tag="999" ind1=" " ind2=" ">
    <subfield code="c">148699</subfield>
    <subfield code="d">148699</subfield>
  </datafield>
  <datafield tag="952" ind1=" " ind2=" ">
    <subfield code="0">0</subfield>
    <subfield code="1">0</subfield>
    <subfield code="4">0</subfield>
    <subfield code="7">1</subfield>
    <subfield code="8">NFIC</subfield>
    <subfield code="a">DBAD</subfield>
    <subfield code="b">DBAD</subfield>
    <subfield code="d">2018-01-02</subfield>
    <subfield code="e">DBAD/PUB.</subfield>
    <subfield code="g">1300.00</subfield>
    <subfield code="l">0</subfield>
    <subfield code="o">954.083 &#x62C; &#x644; &#x627;</subfield>
    <subfield code="p">U-8547</subfield>
    <subfield code="r">2018-01-02 00:00:00</subfield>
    <subfield code="t">1</subfield>
    <subfield code="v">1300.00</subfield>
    <subfield code="w">2018-01-02</subfield>
    <subfield code="y">UR</subfield>
  </datafield>
</record>
